000 00618nam a22001697a 4500
020 _qHard Cover.
082 _a620.44
100 _aMuhmmad Zarrar Khan.
245 _aMWCNTs Decorated with Cobalt Ferrite Nano-particles for Enhanced Dielectric Properties /
_cMuhmmad Zarrar Khan.
260 _aIslamabad :
_bSCME - NUST,
_c2016.
300 _a59 p. ill. ;
_c30cm.
650 _aMaterials and Surface Engineering.
_928386
700 _aDr. Iftikhar Hussain Gul.
_916197
856 _uhttp://10.250.8.41:8080/xmlui/handle/123456789/19013
942 _2ddc
_cTHE
999 _c534230
_d534230